[Event "Grenke Chess Classic (tie-break) 2015"]
[Site "Baden Baden GER"]
[Date "2015.02.09"]
[Round "4"]
[White "Naiditsch, Arkadij"]
[Black "Carlsen, Magnus"]
[Result "1/2-1/2"]
[WhiteElo "2706"]
[BlackElo "2865"]
[PlyCount "136"]
[EventDate "2015.02.08"]

1. e4 e5 2. Nf3 Nc6 3. Bb5 Nf6 4. O-O Nxe4 5. d4 Nd6 6. Bxc6 dxc6 7. dxe5 Nf5
8. Qxd8+ Kxd8 9. c4 Ke8 10. Nc3 Be6 11. b3 Be7 12. Ne4 Rd8 13. Bb2 h5 14. Rad1
b5 15. Nfg5 Bxg5 16. Nxg5 a6 17. Bc3 c5 18. Rxd8+ Kxd8 19. Rd1+ Ke7 20. Ne4
bxc4 21. Nxc5 cxb3 22. axb3 Rb8 23. b4 Rb6 24. Kf1 Bc4+ 25. Ke1 Bb5 26. f3 h4
27. Kf2 Rc6 28. Bb2 Ke8 29. Rc1 Ne7 30. Nb3 Nd5 31. Rxc6 Bxc6 32. Ba3 Nf4 33.
g3 Nd3+ 34. Ke3 hxg3 35. hxg3 Nxe5 36. Kf4 Nxf3 37. Bb2 f6 38. Nd4 Ne1 39. Ke3
Bd5 40. Ke2 Ng2 41. Kf2 Kd7 42. Bc3 g6 43. Nf3 g5 44. Bxf6 Bxf3 45. Kxf3 Ne1+
46. Ke2 Nc2 47. Bxg5 Nxb4 48. Bf4 Nd5 49. Bd2 Ke6 50. Kd3 Nf6 51. Bc1 Kd5 52.
Bg5 Ng4 53. Kc3 c5 54. Kb3 Kc6 55. Ka4 Ne5 56. Ka5 Kb7 57. Bh6 Nc6+ 58. Ka4 c4
59. g4 Kc8 60. Bg7 Kd7 61. Bf6 Ke6 62. g5 Kf5 63. Ka3 Ne5 64. Kb4 a5+ 65. Kc3
a4 66. Bxe5 Kxe5 67. Kxc4 Kf5 68. Kb4 Kxg5 1/2-1/2

[Event "Grenke Chess Classic (tie-break) 2015"]
[Site "Baden Baden GER"]
[Date "2015.02.09"]
[Round "5"]
[White "Carlsen, Magnus"]
[Black "Naiditsch, Arkadij"]
[Result "1-0"]
[WhiteElo "2865"]
[BlackElo "2706"]
[PlyCount "63"]
[EventDate "2015.02.08"]

1. e4 c5 2. Nf3 d6 3. d4 cxd4 4. Nxd4 Nf6 5. Nc3 a6 6. g3 e5 7. Nde2 Be7 8. Bg2
O-O 9. O-O Nbd7 10. a4 b6 11. Nd5 Nxd5 12. Qxd5 Rb8 13. Nc3 Nf6 14. Qd3 Be6 15.
Qxa6 Qc7 16. Qe2 Bc4 17. Qf3 Bxf1 18. Bxf1 d5 19. exd5 e4 20. Qf5 Rbd8 21. Bf4
Qc5 22. Rd1 Qb4 23. Be5 Bc5 24. Bxf6 gxf6 25. Nxe4 Qxb2 26. Bd3 Rfe8 27. Nxf6+
Kf8 28. Nxh7+ Ke7 29. Re1+ Kd6 30. Qf4+ Kxd5 31. Nf6+ Kc6 32. Nxe8 1-0

[Event "Zurich Chess Challenge (blitz) 2015"]
[Site "Zurich SUI"]
[Date "2015.02.13"]
[Round "1"]
[White "Karjakin, Sergey"]
[Black "Anand, Viswanathan"]
[Result "0-1"]
[WhiteElo "2760"]
[BlackElo "2797"]
[PlyCount "116"]
[EventDate "2015.02.13"]

1. e4 e5 2. Nf3 Nc6 3. Nc3 Nf6 4. d4 exd4 5. Nxd4 Bb4 6. Nxc6 bxc6 7. Bd3 O-O
8. O-O d5 9. exd5 cxd5 10. h3 Rb8 11. Qf3 Bb7 12. Bg5 h6 13. Bxf6 Qxf6 14. Qxf6
gxf6 15. Ne2 Bd6 16. Ng3 Bc8 17. b3 Re8 18. Rad1 Kf8 19. f4 Bb4 20. Kh2 Rb6 21.
Rf3 Rd6 22. Nh5 Re1 23. Rxe1 Bxe1 24. Re3 Bd2 25. Rg3 f5 26. Rf3 d4 27. Ng3 Rf6
28. a4 a5 29. Nf1 Bb4 30. Rf2 Bb7 31. Nd2 Bc3 32. Kg1 Bd5 33. Nc4 Bxc4 34. bxc4
Rb6 35. Re2 Rb4 36. Re5 Rxa4 37. Rxf5 Ra1+ 38. Kf2 a4 39. Rc5 Re1 40. Rxc7 Re7
41. Rc8+ Re8 42. Rxe8+ Kxe8 43. c5 a3 44. Bc4 Ke7 45. Kf3 Bb4 46. c6 f6 47. Ke4
Kd6 48. Kf5 Bc3 49. h4 Bd2 50. g3 Be1 51. Kxf6 Bxg3 52. f5 Bxh4+ 53. Kg7 Kxc6
54. Kxh6 Kc5 55. Be6 Kb4 56. Kh5 Bd8 57. Kg4 Kc3 58. Kf3 Kxc2 0-1

[Event "Zurich Chess Challenge (blitz) 2015"]
[Site "Zurich SUI"]
[Date "2015.02.13"]
[Round "1"]
[White "Aronian, Levon"]
[Black "Kramnik, Vladimir"]
[Result "1/2-1/2"]
[WhiteElo "2777"]
[BlackElo "2783"]
[PlyCount "123"]
[EventDate "2015.02.13"]

1. e4 e5 2. Nf3 Nc6 3. Bb5 Nf6 4. O-O Nxe4 5. Re1 Nd6 6. Bf1 Be7 7. Nxe5 Nf5 8.
Nf3 d5 9. d4 O-O 10. c3 Re8 11. Bd3 Bd6 12. Rxe8+ Qxe8 13. Nbd2 b6 14. Nf1 f6
15. Qc2 g6 16. Ng3 Nce7 17. Ne2 Qf7 18. h3 Bd7 19. c4 dxc4 20. Bxc4 Be6 21.
Bxe6 Qxe6 22. Bf4 Nd5 23. Bxd6 Qxd6 24. Nc3 Nxc3 25. bxc3 Qd7 26. Re1 Re8 27.
Rxe8+ Qxe8 28. Qb3+ Kg7 29. Qc4 c6 30. Qa6 Qd7 31. a4 Nd6 32. Nd2 Qe7 33. Kf1
h5 34. Qd3 Qe6 35. Qa6 Qd7 36. Qe2 b5 37. a5 Kf7 38. Nb3 Qe6 39. Nc5 Qxe2+ 40.
Kxe2 Nc4 41. a6 Ke7 42. g4 hxg4 43. hxg4 f5 44. g5 Nb6 45. Nd3 Nd5 46. Kd2 Kd6
47. Ne5 Ne7 48. f4 c5 49. Kd3 c4+ 50. Kd2 Kc7 51. Kc2 Kb6 52. Kd2 Kxa6 53. d5
Nxd5 54. Nxg6 Kb6 55. Nh4 Nxf4 56. g6 Nxg6 57. Nxg6 Kc5 58. Nh4 f4 59. Nf3 a5
60. Nd4 b4 61. Ne6+ Kb5 62. Nxf4 1/2-1/2

[Event "Zurich Chess Challenge (blitz) 2015"]
[Site "Zurich SUI"]
[Date "2015.02.13"]
[Round "2"]
[White "Anand, Viswanathan"]
[Black "Kramnik, Vladimir"]
[Result "1-0"]
[WhiteElo "2797"]
[BlackElo "2783"]
[PlyCount "61"]
[EventDate "2015.02.13"]

1. Nf3 d5 2. c4 d4 3. g3 Nc6 4. Bg2 e5 5. d3 Bb4+ 6. Bd2 a5 7. O-O Nge7 8. Bxb4
axb4 9. Nbd2 O-O 10. a3 bxa3 11. Qb3 Bg4 12. Rxa3 Rb8 13. h3 Bh5 14. c5 Kh8 15.
g4 Bg6 16. Nh4 f6 17. Nxg6+ Nxg6 18. Ne4 Nh4 19. Ng3 Nxg2 20. Kxg2 Ne7 21. h4
Qd7 22. f3 Nd5 23. Rfa1 Ne3+ 24. Kf2 Qe7 25. Ra7 f5 26. g5 e4 27. Rxb7 Rxb7 28.
Qxb7 exd3 29. exd3 Nc2 30. Ra8 Re8 31. Qc8 1-0

[Event "Zurich Chess Challenge (blitz) 2015"]
[Site "Zurich SUI"]
[Date "2015.02.13"]
[Round "2"]
[White "Karjakin, Sergey"]
[Black "Caruana, Fabiano"]
[Result "0-1"]
[WhiteElo "2760"]
[BlackElo "2811"]
[PlyCount "62"]
[EventDate "2015.02.13"]

1. Nf3 g6 2. c4 Bg7 3. d4 f5 4. Nc3 Nf6 5. g3 O-O 6. Bg2 d6 7. O-O c6 8. b3 Qc7
9. Ba3 Ne4 10. Bb2 Nxc3 11. Bxc3 e5 12. dxe5 dxe5 13. e4 f4 14. c5 Bg4 15. b4
Nd7 16. Qb3+ Kh8 17. Rad1 b6 18. cxb6 axb6 19. h3 Bxf3 20. Bxf3 b5 21. h4 Nb6
22. h5 Nc4 23. hxg6 Ra3 24. Qc2 fxg3 25. Rd3 Qa7 26. Qd1 Rxa2 27. Rd7 Qxf2+ 28.
Rxf2 gxf2+ 29. Kh1 Ne3 30. Bxe5 Bxe5 31. Rxh7+ Kg8 0-1

[Event "Zurich Chess Challenge (blitz) 2015"]
[Site "Zurich SUI"]
[Date "2015.02.13"]
[Round "3"]
[White "Caruana, Fabiano"]
[Black "Anand, Viswanathan"]
[Result "1/2-1/2"]
[WhiteElo "2811"]
[BlackElo "2797"]
[PlyCount "36"]
[EventDate "2015.02.13"]

1. e4 e5 2. Nc3 Nf6 3. Bc4 Bc5 4. d3 c6 5. Bg5 h6 6. Bh4 d6 7. Nf3 Nbd7 8. Bb3
Bb6 9. d4 g5 10. Bg3 g4 11. dxe5 gxf3 12. exf6 fxg2 13. Bxf7+ Kxf7 14. Qh5+ Ke6
15. Qf5+ Kf7 16. Qh5+ Ke6 17. Qf5+ Kf7 18. Qh5+ Ke6 1/2-1/2

[Event "Zurich Chess Challenge (blitz) 2015"]
[Site "Zurich SUI"]
[Date "2015.02.13"]
[Round "3"]
[White "Aronian, Levon"]
[Black "Karjakin, Sergey"]
[Result "1-0"]
[WhiteElo "2777"]
[BlackElo "2760"]
[PlyCount "131"]
[EventDate "2015.02.13"]

1. d4 d5 2. c4 dxc4 3. e3 Nf6 4. Bxc4 e6 5. Nf3 a6 6. O-O c5 7. dxc5 Bxc5 8.
Qxd8+ Kxd8 9. Be2 Ke7 10. Rd1 Nbd7 11. Nbd2 b6 12. Ne1 Bb7 13. Nd3 Rhd8 14.
Nxc5 Nxc5 15. f3 Nd3 16. Nc4 Nxc1 17. Raxc1 Rxd1+ 18. Rxd1 b5 19. Na5 Rb8 20.
Kf2 Ba8 21. Rc1 Kd6 22. e4 Nd7 23. Ke3 f6 24. Bd3 Ne5 25. Bb1 Nc6 26. Nb3 e5
27. a3 a5 28. Ba2 a4 29. Nc5 Nd4 30. Na6 Rf8 31. Nb4 f5 32. exf5 Nxf5+ 33. Ke2
e4 34. f4 Nd4+ 35. Ke3 Nf5+ 36. Ke2 Nd4+ 37. Kd2 Bb7 38. Rd1 Kc5 39. Rc1+ Kd6
40. g3 g5 41. fxg5 Nf3+ 42. Ke2 Nxh2 43. Rd1+ Ke5 44. Rd7 Ba8 45. Rxh7 Ng4 46.
Re7+ Kd6 47. Rf7 Rxf7 48. Bxf7 Ke5 49. Bh5 Nh2 50. Nc2 Kf5 51. g6 Kf6 52. Nd4
Bd5 53. Kf2 Kg5 54. Be2 Kxg6 55. Nxb5 Kf5 56. Nc3 Bc6 57. Bd1 Ng4+ 58. Bxg4+
Kxg4 59. Ke3 Kxg3 60. Nxe4+ Kg2 61. Nc3 Kf1 62. Kd4 Ke1 63. Kc5 Be8 64. Kb4 Kd2
65. Nxa4 Kc2 66. b3 1-0

[Event "Zurich Chess Challenge (blitz) 2015"]
[Site "Zurich SUI"]
[Date "2015.02.13"]
[Round "4"]
[White "Karjakin, Sergey"]
[Black "Kramnik, Vladimir"]
[Result "1-0"]
[WhiteElo "2760"]
[BlackElo "2783"]
[PlyCount "75"]
[EventDate "2015.02.13"]

1. e4 e5 2. Nf3 Nc6 3. Nc3 Nf6 4. d4 exd4 5. Nxd4 Bb4 6. Nxc6 bxc6 7. Bd3 O-O
8. O-O d5 9. exd5 cxd5 10. h3 c6 11. Qf3 Re8 12. Bg5 Rb8 13. Rad1 Be6 14. Ne2
Be7 15. Nd4 Bd7 16. b3 Ne4 17. Bf4 Rb4 18. Bxe4 dxe4 19. Qg3 Qc8 20. c4 c5 21.
Nc2 Rb6 22. Bd6 Bf6 23. Ne3 Be6 24. Rd2 Bd4 25. Rxd4 cxd4 26. Be5 f6 27. Bxd4
Ra6 28. Bxf6 Qb7 29. Be5 Rxa2 30. Rd1 Rf8 31. c5 Qf7 32. Rf1 Bxb3 33. Ng4 Ra6
34. Bd6 Qe6 35. Bxf8 Kxf8 36. Qb8+ Kf7 37. Ne5+ Kf6 38. f4 1-0

[Event "Zurich Chess Challenge (blitz) 2015"]
[Site "Zurich SUI"]
[Date "2015.02.13"]
[Round "4"]
[White "Caruana, Fabiano"]
[Black "Aronian, Levon"]
[Result "1/2-1/2"]
[WhiteElo "2811"]
[BlackElo "2777"]
[PlyCount "83"]
[EventDate "2015.02.13"]

1. e4 e5 2. Nf3 Nc6 3. Bb5 Nf6 4. d3 Bc5 5. Bxc6 dxc6 6. h3 Nd7 7. O-O O-O 8.
Nc3 Re8 9. Be3 Bd6 10. Nd2 Nf8 11. Nc4 Ng6 12. a4 Be6 13. Nxd6 cxd6 14. d4 Qf6
15. d5 Bd7 16. a5 c5 17. Kh2 Qd8 18. Ne2 f5 19. exf5 Bxf5 20. Ng3 Bd7 21. b4
cxb4 22. Qd2 b3 23. cxb3 Qh4 24. Rfc1 Rac8 25. f3 Nf4 26. Bxf4 exf4 27. Ne4
Rcd8 28. Rc7 Bf5 29. Qd4 Re5 30. Nf2 Qg3+ 31. Kg1 Re2 32. Kf1 Rde8 33. Rac1 h5
34. Rxb7 R8e3 35. Rxg7+ Qxg7 36. Qxf4 Re5 37. g4 Bg6 38. Rc8+ Kh7 39. Qc4 Re7
40. Qf4 Qb2 41. Qg3 Bd3 42. Kg2 1/2-1/2

[Event "Zurich Chess Challenge (blitz) 2015"]
[Site "Zurich SUI"]
[Date "2015.02.13"]
[Round "5"]
[White "Aronian, Levon"]
[Black "Anand, Viswanathan"]
[Result "1-0"]
[WhiteElo "2777"]
[BlackElo "2797"]
[PlyCount "85"]
[EventDate "2015.02.13"]

1. e4 e5 2. Nf3 Nc6 3. Bb5 Nf6 4. O-O Nxe4 5. Re1 Nd6 6. Nxe5 Be7 7. Bf1 Nxe5
8. Rxe5 O-O 9. Nc3 Bf6 10. Re1 Re8 11. Nd5 Rxe1 12. Qxe1 b6 13. Nxf6+ Qxf6 14.
f3 Bb7 15. Qf2 Re8 16. d4 h6 17. Bd2 Nf5 18. c3 Nh4 19. Bd3 Ng6 20. Re1 Rxe1+
21. Qxe1 Qe6 22. Qxe6 dxe6 23. c4 Kf8 24. Kf2 Ke8 25. Bc2 Ne7 26. g4 Ba6 27.
Bd3 f6 28. h4 c6 29. Bb4 b5 30. cxb5 Bxb5 31. Bc2 Kf7 32. Bc5 Nc8 33. b3 g5 34.
h5 Ba6 35. Bg6+ Kg7 36. a4 Nb6 37. Be4 Nd5 38. Bxa7 Bc8 39. Bd3 f5 40. Bb8 Kf7
41. Be5 Nf6 42. Be2 Nd5 43. Ke1 1-0

[Event "Zurich Chess Challenge (blitz) 2015"]
[Site "Zurich SUI"]
[Date "2015.02.13"]
[Round "5"]
[White "Kramnik, Vladimir"]
[Black "Caruana, Fabiano"]
[Result "0-1"]
[WhiteElo "2783"]
[BlackElo "2811"]
[PlyCount "146"]
[EventDate "2015.02.13"]

1. Nf3 g6 2. g3 Bg7 3. Bg2 f5 4. d4 Nf6 5. O-O O-O 6. c4 d6 7. Nc3 c6 8. Rb1
Na6 9. b4 Ne4 10. Nxe4 fxe4 11. Nd2 d5 12. b5 Nc7 13. e3 Bf5 14. bxc6 bxc6 15.
Qa4 Rf6 16. Ba3 Bd7 17. Qa5 Bf8 18. cxd5 cxd5 19. Rb7 Rc6 20. Rc1 e6 21. Nb3
Bxa3 22. Qxa3 Nb5 23. Rxc6 Bxc6 24. Rxb5 Bxb5 25. Nc5 Qd6 26. Bh3 Bd7 27. Qa5
Bc8 28. Qb5 Kf7 29. Bxe6+ Ke7 30. Bxc8 Rxc8 31. Qb7+ Rc7 32. Qb3 Rc6 33. Qa4
Qc7 34. Kg2 Qb6 35. h4 Rc7 36. Qd1 Qf6 37. Qb3 Qc6 38. Qb8 Rc8 39. Qxa7+ Qc7
40. Qa4 Qc6 41. Qa7+ Qc7 42. Qa6 Qc6 43. Qe2 Ra8 44. h5 Kf7 45. a4 Qf6 46. Qg4
Kg8 47. hxg6 hxg6 48. Nd7 Qf5 49. Qxf5 gxf5 50. Nb6 Ra5 51. g4 Kf7 52. gxf5 Kf6
53. Nd7+ Kxf5 54. Nc5 Kg4 55. Kf1 Kf3 56. Ke1 Ra8 57. Kf1 Rb8 58. Ke1 Rb1+ 59.
Kd2 Kxf2 60. a5 Ra1 61. a6 Ra2+ 62. Kc3 Kxe3 63. Kb3 Ra1 64. Kb2 Ra5 65. Kc3
Kf2 66. Kb4 Ra1 67. Kb5 e3 68. Nd3+ Ke2 69. Nf4+ Kf3 70. Nd3 e2 71. Kb6 Ke3 72.
Nb4 Rb1 73. Kc5 Rxb4 0-1

[Event "Zurich Chess Challenge 2015"]
[Site "Zurich SUI"]
[Date "2015.02.14"]
[Round "1"]
[White "Anand, Viswanathan"]
[Black "Kramnik, Vladimir"]
[Result "1/2-1/2"]
[WhiteElo "2797"]
[BlackElo "2783"]
[PlyCount "93"]
[EventDate "2015.02.14"]

1. d4 Nf6 2. c4 e6 3. Nc3 d5 4. cxd5 exd5 5. Bg5 c6 6. Qc2 Be7 7. e3 Nbd7 8.
Nf3 Nh5 9. Bxe7 Qxe7 10. O-O-O Nb6 11. Ne5 Nf6 12. Bd3 Ng4 13. Nf3 Be6 14. Kb1
O-O-O 15. h3 Nf6 16. Nd2 Kb8 17. Nb3 Ne8 18. Nc5 Nd6 19. f3 f5 20. g4 Bc8 21.
Rde1 Rhf8 22. Qh2 Qc7 23. Rhf1 Rde8 24. b3 g6 25. Bc2 Re7 26. Rf2 Rfe8 27. Rfe2
Nd7 28. Nd3 Nf7 29. Qxc7+ Kxc7 30. gxf5 gxf5 31. Nf4 Nf6 32. h4 Nh8 33. Kc1 Ng6
34. Ng2 Nh5 35. Rg1 a5 36. Kd2 Rg7 37. Ne1 h6 38. Reg2 Reg8 39. Ne2 Kd6 40. a3
b6 41. b4 axb4 42. axb4 Ne7 43. Rxg7 Rxg7 44. Rxg7 Nxg7 45. Nf4 c5 46. bxc5+
bxc5 47. dxc5+ 1/2-1/2

[Event "Zurich Chess Challenge 2015"]
[Site "Zurich SUI"]
[Date "2015.02.14"]
[Round "1"]
[White "Aronian, Levon"]
[Black "Karjakin, Sergey"]
[Result "1/2-1/2"]
[WhiteElo "2777"]
[BlackElo "2760"]
[PlyCount "53"]
[EventDate "2015.02.14"]

1. d4 Nf6 2. c4 e6 3. Nf3 d5 4. Nc3 c6 5. e3 Nbd7 6. Bd3 dxc4 7. Bxc4 b5 8. Bd3
Bb7 9. e4 b4 10. Na4 c5 11. e5 Nd5 12. dxc5 Nxc5 13. Nxc5 Bxc5 14. O-O Be7 15.
Qe2 Qb6 16. Ng5 h6 17. Ne4 Rd8 18. Qf3 Ba6 19. Rd1 O-O 20. Qg3 Kh8 21. Qh3 Kg8
22. Bxh6 gxh6 23. Qxh6 f5 24. Qg6+ Kh8 25. Qh6+ Kg8 26. Qg6+ Kh8 27. Qh6+
1/2-1/2

[Event "3rd FIDE Grand Prix Series 2014/15"]
[Site "Tbilisi GEO"]
[Date "2015.02.15"]
[Round "1"]
[White "Kasimdzhanov, Rustam"]
[Black "Grischuk, Alexander"]
[Result "0-1"]
[WhiteElo "2705"]
[BlackElo "2810"]
[PlyCount "70"]
[EventDate "2015.02.15"]

1. d4 d5 2. c4 e6 3. Nc3 Bb4 4. Nf3 dxc4 5. e3 b5 6. a4 c6 7. Bd2 a5 8. axb5
Bxc3 9. Bxc3 cxb5 10. b3 Bb7 11. bxc4 b4 12. Bb2 Nf6 13. Bd3 Nbd7 14. O-O O-O
15. Re1 Ne4 16. c5 Bc6 17. Qc2 f5 18. Bc4 Qe7 19. Bb3 Kh8 20. Red1 Qe8 21. Ba4
Bxa4 22. Rxa4 Ndf6 23. Rda1 Qb5 24. Ne5 Ng4 25. Nxg4 fxg4 26. Qxe4 Qe2 27. Rf1
Qxb2 28. Qxe6 b3 29. Qc4 Rf6 30. Qc1 Qe2 31. c6 b2 32. Qc4 Qd2 33. c7 Rc8 34.
Qb3 Rcf8 35. Qd1 Rxf2 0-1

[Event "3rd FIDE Grand Prix Series 2014/15"]
[Site "Tbilisi GEO"]
[Date "2015.02.15"]
[Round "1"]
[White "Andreikin, Dmitry"]
[Black "Jakovenko, Dmitry"]
[Result "1/2-1/2"]
[WhiteElo "2737"]
[BlackElo "2733"]
[PlyCount "120"]
[EventDate "2015.02.15"]

1. e4 e5 2. Nf3 Nc6 3. Bb5 Nf6 4. O-O Nxe4 5. Re1 Nd6 6. Nxe5 Be7 7. Bf1 Nxe5
8. Rxe5 O-O 9. d4 Bf6 10. Re1 Re8 11. Bf4 Rxe1 12. Qxe1 Ne8 13. c3 d5 14. Bd3
Be6 15. Nd2 Nd6 16. Nf3 Bf5 17. Bxf5 Nxf5 18. Qe2 Qd7 19. Re1 h6 20. h3 c6 21.
Nh2 Bg5 22. Qg4 Bxf4 23. Qxf4 Nd6 24. Ng4 Re8 25. Rxe8+ Nxe8 26. Qb8 a6 27. Ne5
Qe7 28. Nd3 Kh7 29. Qe5 Qxe5 30. dxe5 Kg6 31. g4 f6 32. f4 fxe5 33. Nxe5+ Kf6
34. Kf2 Ke6 35. Nd3 Kd6 36. f5 Nf6 37. Kf3 Ne4 38. h4 c5 39. Nf4 Nd2+ 40. Ke2
Ne4 41. Ke3 b5 42. Ne6 g5 43. hxg5 hxg5 44. b4 cxb4 45. cxb4 Ke5 46. Nd4 Nc3
47. a3 Nb1 48. Nc2 Nc3 49. Nd4 Nb1 50. Nf3+ Kf6 51. Kd4 Nxa3 52. Kxd5 Nc2 53.
Kc5 Ne3 54. Nh2 Ke5 55. Kb6 Nd5+ 56. Ka5 Kf4 57. Kxa6 Nxb4+ 58. Kxb5 Nd5 59.
Kc5 Nf6 60. Kd6 Nxg4 1/2-1/2

[Event "3rd FIDE Grand Prix Series 2014/15"]
[Site "Tbilisi GEO"]
[Date "2015.02.15"]
[Round "1"]
[White "Tomashevsky, Evgeny"]
[Black "Jobava, Baadur"]
[Result "1-0"]
[WhiteElo "2716"]
[BlackElo "2696"]
[PlyCount "94"]
[EventDate "2015.02.15"]

1. d4 Nf6 2. c4 g6 3. Nc3 Bg7 4. e4 O-O 5. Nf3 c6 6. Be2 d5 7. e5 Ne4 8. O-O
Nxc3 9. bxc3 Nd7 10. a4 Nb6 11. cxd5 cxd5 12. Qb3 Qc7 13. Nd2 Be6 14. a5 Nd7
15. c4 Nxe5 16. cxd5 Ng4 17. Qh3 Bxd4 18. dxe6 Nxf2 19. Rxf2 fxe6 20. Qxe6+ Kh8
21. Bb2 Bxb2 22. Rxf8+ Rxf8 23. Rf1 Rxf1+ 24. Nxf1 Qxa5 25. Qxe7 Qf5 26. Ne3
Qc8 27. Bg4 Qb8 28. Nd5 b5 29. Bd7 a6 30. g3 Bg7 31. Kg2 Qf8 32. Qe4 Qd6 33.
Bc8 a5 34. Qe8+ Qf8 35. Qxf8+ Bxf8 36. Bd7 b4 37. Ba4 Bd6 38. Kf3 Kg7 39. h3 h5
40. Bc2 g5 41. g4 hxg4+ 42. hxg4 Kf7 43. Ke4 Ke6 44. Bb3 Kd7 45. Ba4+ Ke6 46.
Nb6 Bc7 47. Nc4 Bd8 1-0

[Event "3rd FIDE Grand Prix Series 2014/15"]
[Site "Tbilisi GEO"]
[Date "2015.02.15"]
[Round "1"]
[White "Dominguez Perez, Leinier"]
[Black "Radjabov, Teimour"]
[Result "1/2-1/2"]
[WhiteElo "2726"]
[BlackElo "2731"]
[PlyCount "62"]
[EventDate "2015.02.15"]

1. e4 e5 2. Nf3 Nc6 3. Bb5 Nf6 4. O-O Nxe4 5. Re1 Nd6 6. Nxe5 Be7 7. Bd3 Nxe5
8. Rxe5 O-O 9. Nc3 c6 10. Re1 Ne8 11. Qe2 Bf6 12. Ne4 d5 13. Nxf6+ Nxf6 14. b3
Re8 15. Qf1 Ne4 16. f3 Re6 17. Re3 Nc5 18. Bb2 Rxe3 19. dxe3 Nxd3 20. Qxd3 Be6
21. Qd4 f6 22. Rd1 Qe7 23. e4 dxe4 24. Qxe4 Re8 25. Qe3 Bf5 26. Qxe7 Rxe7 27.
Rd2 Rd7 28. Rxd7 Bxd7 29. Bd4 a6 30. Kf2 Bf5 31. c3 Bb1 1/2-1/2

[Event "3rd FIDE Grand Prix Series 2014/15"]
[Site "Tbilisi GEO"]
[Date "2015.02.15"]
[Round "1"]
[White "Svidler, Peter"]
[Black "Giri, Anish"]
[Result "0-1"]
[WhiteElo "2739"]
[BlackElo "2797"]
[PlyCount "58"]
[EventDate "2015.02.15"]

1. Nf3 d5 2. d4 Nf6 3. c4 e6 4. Nc3 Bb4 5. Qa4+ Nc6 6. e3 O-O 7. Bd2 dxc4 8.
Bxc4 Bd6 9. h3 a6 10. O-O e5 11. Qc2 b5 12. Be2 Bb7 13. a3 Re8 14. d5 Ne7 15.
e4 c6 16. dxc6 Nxc6 17. Be3 Nd4 18. Nxd4 exd4 19. Bxd4 Nxe4 20. Bf3 Rc8 21.
Rfe1 Nxc3 22. Rxe8+ Qxe8 23. Bxc3 Bxf3 24. gxf3 Qe6 25. Rd1 Rc5 26. h4 Rc4 27.
Qd3 Bf8 28. Qd8 Qf5 29. Qa8 Rxh4 0-1

[Event "3rd FIDE Grand Prix Series 2014/15"]
[Site "Tbilisi GEO"]
[Date "2015.02.15"]
[Round "1"]
[White "Vachier-Lagrave, Maxime"]
[Black "Mamedyarov, Shakhriyar"]
[Result "0-1"]
[WhiteElo "2775"]
[BlackElo "2759"]
[PlyCount "81"]
[EventDate "2015.02.15"]

1. e4 c5 2. Nf3 d6 3. d4 cxd4 4. Nxd4 Nf6 5. Nc3 a6 6. Be3 Ng4 7. Bg5 h6 8. Bh4
g5 9. Bg3 Bg7 10. Be2 h5 11. h4 gxh4 12. Bxh4 Nc6 13. Nb3 Be6 14. Qd2 Rc8 15.
f3 Bh6 16. Bg5 Bxg5 17. Qxg5 Nf6 18. Qd2 Rg8 19. Bf1 Bxb3 20. axb3 Nb4 21. Kd1
Qc7 22. Qd4 Nc6 23. Qd2 Nb4 24. Qd4 Nc6 25. Qd2 e6 26. Kc1 Ke7 27. Kb1 Qb6 28.
Ra4 Qc5 29. f4 Rg3 30. Be2 Rxg2 31. Rc4 Qf2 32. Qd1 b5 33. e5 dxe5 34. fxe5
bxc4 35. exf6+ Qxf6 36. Bxc4 Qd4 37. Qe1 Qf2 38. Qe4 Rg1+ 39. Rxg1 Qxg1+ 40.
Ka2 Nb4+ 41. Ka3 0-1

[Event "Zurich Chess Challenge 2015"]
[Site "Zurich SUI"]
[Date "2015.02.15"]
[Round "2"]
[White "Karjakin, Sergey"]
[Black "Caruana, F."]
[Result "1/2-1/2"]
[WhiteElo "2760"]
[BlackElo "2811"]
[PlyCount "81"]
[EventDate "2015.02.14"]

1. e4 e5 2. Nf3 Nc6 3. Bb5 Nf6 4. d3 Bc5 5. O-O Nd4 6. Nxd4 Bxd4 7. c3 Bb6 8.
Na3 c6 9. Ba4 d6 10. Bb3 a5 11. Nc4 Bc7 12. Bg5 h6 13. Bh4 g5 14. Bg3 h5 15. f3
Be6 16. Ne3 h4 17. Bf2 d5 18. Re1 Kf8 19. h3 Bb6 20. Qc2 Nh5 21. d4 exd4 22.
cxd4 Nf4 23. Ng4 a4 24. Bxa4 dxe4 25. Rxe4 Bf5 26. Rd1 Kg7 27. Bb3 Qc7 28. Ne3
Bg6 29. Nc4 Rhe8 30. Kh1 Ba7 31. Ne5 Bxe4 32. fxe4 Rxe5 33. dxe5 Bxf2 34. Qxf2
Rd8 35. Qe1 Rxd1 36. Qxd1 Qxe5 37. Qd7 Qf6 38. e5 Qg6 39. Kh2 b6 40. e6 Nxe6
41. Qxc6 1/2-1/2

[Event "Zurich Chess Challenge 2015"]
[Site "Zurich SUI"]
[Date "2015.02.15"]
[Round "2"]
[White "Anand, V."]
[Black "Aronian, L."]
[Result "1-0"]
[WhiteElo "2797"]
[BlackElo "2777"]
[PlyCount "55"]
[EventDate "2015.02.14"]

1. d4 Nf6 2. c4 g6 3. Nc3 d5 4. Nf3 Bg7 5. Qb3 dxc4 6. Qxc4 O-O 7. e4 Na6 8.
Be2 c5 9. d5 e6 10. O-O exd5 11. exd5 Re8 12. Rd1 Bf5 13. d6 h6 14. Be3 Ng4 15.
Bf4 Bxc3 16. bxc3 Re4 17. Qb5 Rxf4 18. Qxb7 Ra4 19. d7 Be4 20. Qb3 Bc6 21. Rd6
Bxd7 22. Rad1 Qb8 23. Rxd7 Qxb3 24. axb3 Ra2 25. Bc4 Rf8 26. R7d6 Kg7 27. Rxa6
Rxf2 28. Re1 1-0

[Event "3rd FIDE Grand Prix Series 2014/15"]
[Site "Tbilisi GEO"]
[Date "2015.02.16"]
[Round "2"]
[White "Dominguez Perez, L."]
[Black "Svidler, P."]
[Result "1/2-1/2"]
[WhiteElo "2726"]
[BlackElo "2739"]
[PlyCount "156"]
[EventDate "2015.02.14"]

1. e4 e5 2. Nf3 Nc6 3. Bb5 a6 4. Ba4 Nf6 5. O-O Be7 6. Re1 b5 7. Bb3 O-O 8. c3
d6 9. h3 Bb7 10. d4 Nd7 11. a4 Bf6 12. d5 Ne7 13. axb5 axb5 14. Rxa8 Qxa8 15.
Na3 Ba6 16. Nh2 Ng6 17. Ng4 Be7 18. Ne3 Rb8 19. Nec2 Nc5 20. Nb4 Bc8 21. Nc6
Rb6 22. Bc2 Bd7 23. b4 Nb7 24. Be3 Rxc6 25. dxc6 Bxc6 26. Bc1 Bd7 27. Bb3 Nd8
28. Nc2 Ne6 29. g3 Bf8 30. h4 Ne7 31. Qd3 Bc6 32. Bg5 Nc8 33. Ra1 Qb7 34. Bd5
Nb6 35. Bxc6 Qxc6 36. Be3 d5 37. exd5 Nxd5 38. Bd2 Nf6 39. Re1 e4 40. Qe2 h6
41. Na3 Qd5 42. Nxb5 c5 43. Be3 cxb4 44. cxb4 Bxb4 45. Rd1 Qf5 46. Nd4 Qh3 47.
Qf1 Qg4 48. Nxe6 Qxe6 49. Qb5 Be7 50. Bd4 Ng4 51. Re1 f5 52. Rc1 Bf6 53. Bxf6
Nxf6 54. Rc6 Qd7 55. Qb8+ Kh7 56. Qd6 Qxd6 57. Rxd6 Kg6 58. Kf1 Kh5 59. Ke2 Ng4
60. Rd5 g6 61. Ra5 Nh2 62. Ra8 Ng4 63. Ra2 Nh2 64. Ke3 g5 65. hxg5 hxg5 66. f4
Ng4+ 67. Ke2 Nh2 68. Ra8 gxf4 69. Rh8+ Kg4 70. Rg8+ Kh3 71. gxf4 Nf3 72. Ke3
Ne1 73. Kf2 Nd3+ 74. Ke3 Ne1 75. Rg5 Ng2+ 76. Kd4 Nxf4 77. Rxf5 Kg4 78. Kxe4
Ne6 1/2-1/2

[Event "3rd FIDE Grand Prix Series 2014/15"]
[Site "Tbilisi GEO"]
[Date "2015.02.16"]
[Round "2"]
[White "Mamedyarov, S."]
[Black "Kasimdzhanov, R."]
[Result "0-1"]
[WhiteElo "2759"]
[BlackElo "2705"]
[PlyCount "80"]
[EventDate "2015.02.14"]

1. c4 c6 2. b3 d5 3. Bb2 Bf5 4. Nf3 Nf6 5. d3 h6 6. Nbd2 e6 7. h3 Nbd7 8. g4
Bg6 9. Rg1 Bc5 10. Qc2 Qe7 11. a3 a5 12. e3 e5 13. Nh4 Bh7 14. Nf5 Bxf5 15.
gxf5 d4 16. e4 Nh5 17. Qd1 Ndf6 18. Be2 Nf4 19. Rxg7 O-O-O 20. Bf1 Nh7 21. Rg3
Ng5 22. Nf3 Nh5 23. Rg4 Nf6 24. Rg1 Ngxe4 25. dxe4 Nxe4 26. Qe2 Nc3 27. Bxc3
dxc3 28. Rg4 Bxa3 29. Bg2 Bb4 30. Kf1 Rhe8 31. Re4 Qf6 32. Rc1 Qxf5 33. Nxe5
Rd2 34. Qe3 Red8 35. Qf3 Qxf3 36. Bxf3 c2 37. Kg2 Rg8+ 38. Kf1 Rgd8 39. Kg2 Ba3
40. Ree1 Re8 0-1

[Event "3rd FIDE Grand Prix Series 2014/15"]
[Site "Tbilisi GEO"]
[Date "2015.02.16"]
[Round "2"]
[White "Giri, A."]
[Black "Vachier Lagrave, M."]
[Result "1/2-1/2"]
[WhiteElo "2797"]
[BlackElo "2775"]
[PlyCount "82"]
[EventDate "2015.02.14"]

1. Nf3 Nf6 2. c4 g6 3. g3 Bg7 4. Bg2 d5 5. d4 c6 6. Qb3 O-O 7. O-O dxc4 8. Qxc4
Bf5 9. Nc3 Nbd7 10. Qb3 Qb6 11. Re1 Qxb3 12. axb3 Be6 13. b4 Nd5 14. b5 Nb4 15.
bxc6 bxc6 16. Ra5 c5 17. Ng5 cxd4 18. Nxe6 fxe6 19. Bxa8 dxc3 20. bxc3 Bxc3 21.
Rd1 Rxa8 22. Rxd7 Nd3 23. Ra2 Nxc1 24. Rc2 Nxe2+ 25. Rxe2 a5 26. Rxe6 Bf6 27.
Rb6 a4 28. Rbb7 a3 29. Ra7 Rxa7 30. Rxa7 Bb2 31. Ra6 Kf7 32. g4 h5 33. gxh5
gxh5 34. Kg2 e6 35. f4 Ke7 36. Kg3 Kd7 37. Kh4 Kc7 38. Kxh5 Kb7 39. Ra4 Kc6 40.
Kg6 Kb5 41. Ra8 Kb4 1/2-1/2